000 00668nam a22002177a 4500
005 20170124110019.0
010 _a207596
020 _c00.00
035 _a207596
037 _bCen Lib/Ret
040 _aDPL
_bEN
082 _a609.47
_bTEC
245 _aTechnical progress in the USSR :
_cedited by Y. Maksaryov; translated by David Skvirsky
_b1959-1965 /
260 _aMoscow
_bForeign Languages Publishing House
300 _a237p. :
_c18cm(Hb)
_bill.
650 _aTechnology -- Soviet Union.
_919409
650 _aTechnology.
_93711
700 _aMaksaryov, Y.
_919410
700 _aSkvirsky, David
_919411
942 _2ddc
_cEN
_h609.47
_mTEC
999 _c127103
_d127103